<?xml version="1.0" encoding="utf-8"?>
<?xml-stylesheet type='text/xsl' href='./oai2.xsl'?>
<OAI-PMH xmlns="http://www.openarchives.org/OAI/2.0/" xmlns:xsi="http://www.w3.org/2001/XMLSchema-instance" xsi:schemaLocation="http://www.openarchives.org/OAI/2.0/ http://www.openarchives.org/OAI/2.0/OAI-PMH.xsd">
  <responseDate>2026-04-30T07:17:11Z</responseDate>
  <request verb="GetRecord" metadataPrefix="marcxml" identifier="record_kuniweb_1373200">https://kulturerbe.niedersachsen.de/oai</request>
  <GetRecord>
    <record>
      <header>
        <identifier>record_kuniweb_1373200</identifier>
        <datestamp>2024-02-22T10:22:04Z</datestamp>
        <setSpec>slg0242</setSpec>
      </header>
      <metadata>
        <marc:record xmlns:marc="http://www.loc.gov/MARC21/slim" xsi:schemaLocation="http://www.loc.gov/MARC21/slim http://www.loc.gov/standards/marcxml/schema/MARC21slim.xsd">
          <marc:leader>12345nrm  22     uu 4500</marc:leader>
          <marc:controlfield tag="001">1373200</marc:controlfield>
          <marc:controlfield tag="003">http://kuniweb.gbv.de</marc:controlfield>
          <marc:controlfield tag="005">2020-10-01T10:34:14</marc:controlfield>
          <marc:controlfield tag="008">|           ||||||||||||||||||||||</marc:controlfield>
          <marc:datafield tag="245" ind1="1" ind2="0">
            <marc:subfield code="a">Tongefäß - Henkelbraut</marc:subfield>
          </marc:datafield>
          <marc:datafield tag="655" ind1=" " ind2="7">
            <marc:subfield code="a">Archäologie</marc:subfield>
          </marc:datafield>
          <marc:datafield tag="046" ind1=" " ind2=" ">
            <marc:subfield code="k">1500</marc:subfield>
            <marc:subfield code="k">Frühe Neuzeit</marc:subfield>
            <marc:subfield code="l">1800</marc:subfield>
          </marc:datafield>
          <marc:datafield tag="260" ind1=" " ind2=" ">
            <marc:subfield code="g">1500</marc:subfield>
            <marc:subfield code="g">1800</marc:subfield>
            <marc:subfield code="g">Frühe Neuzeit</marc:subfield>
          </marc:datafield>
          <marc:datafield tag="300" ind1=" " ind2=" ">
            <marc:subfield code="a">Höhe: 29 cm
Durchmesser: 20,3 cm (Mündungsdurchmesser)</marc:subfield>
          </marc:datafield>
          <marc:datafield tag="520" ind1=" " ind2=" ">
            <marc:subfield code="a">Das Tongefäß ist von bauchiger Form mit Standboden und ausbiegendem Rand. Über der Mündung sitzt ein bandartiger, hochgewölbter Bügel, der unmittelbar auf dem Rand aufsitzt. Dieser war mit Druckmulden verziert. Der profilierte Knauf des Deckels weist an der Oberseite plastisch herausgearbeitete konzentrische Kreise auf. Bei diesem Gefäßensemble aus Bügeltopf und Deckel handelt sich um eine sogenannte "Henkelbraut" bzw. um einen sogenannten „Henkelmann“ - eine Essenstrage für die Versorgung mit Essen beispielsweise bei der Feldarbeit. Es stammt aus einer Grabung im Innenstadtbereich von Gifhorn. Die ursprüngliche Farbigkeit ist durch sekundäre Brandeinwirkungen nur noch stellenweise erkennbar. (Eichfeld / Baier 07/2020)

Literatur in Zusammenhang:
„Bäuerliche Keramik Nordwestthüringens : (Werra-Keramik) ; Ausstellung von Juli - September 1976 im Thüringer Museum Eisenach, Stadtschloss“. Thüringer Museum, Eisenach, 1976.</marc:subfield>
          </marc:datafield>
          <marc:datafield tag="773" ind1="0" ind2=" ">
            <marc:subfield code="t">Archäologische Sammlung</marc:subfield>
          </marc:datafield>
          <marc:datafield tag="852" ind1=" " ind2=" ">
            <marc:subfield code="a">Kreis- und Stadtarchäologie Gifhorn</marc:subfield>
          </marc:datafield>
          <marc:datafield tag="852" ind1=" " ind2=" ">
            <marc:subfield code="a">Gifhorn (Niedersachsen)</marc:subfield>
          </marc:datafield>
          <marc:datafield tag="" ind1=" " ind2=" ">
            <marc:subfield code="a">Namensnennung - Weitergabe unter gleichen Bedingungen 4.0 International (CC BY-SA 4.0)</marc:subfield>
          </marc:datafield>
        </marc:record>
      </metadata>
    </record>
  </GetRecord>
</OAI-PMH>
